Statistics for Name the Country by City #5

Click here to take the quiz!

General Stats

  • This quiz has been taken 969 times
    (261 since last reset)
  • The average score is 17 of 20

Answer Stats

City Country % Correct
Buenos AiresArgentina
100%
HavanaCuba
98%
Panama CityPanama
98%
JerusalemIsrael
98%
SeoulSouth Korea
97%
BucharestRomania
95%
NairobiKenya
94%
AnkaraTurkey
93%
KabulAfghanistan
93%
MinskBelarus
93%
BelfastUnited Kingdom
92%
TijuaniaMexico
84%
ChennaiIndia
80%
LilleFrance
80%
SucreBolivia
80%
WuhanChina
77%
DurbanSouth Africa
75%
GeorgetownGuyana
71%
OuagadougouBurkina Faso
67%
UfaRussia
42%

Score Distribution

Percentile by Number Answered

Percent of People with Each Score

Your Score History

You have not taken this quiz since the last reset